|
|
|
|
| LEADER |
00000nam a2200000 a 4500 |
| 001 |
vtls009452023 |
| 003 |
SK-MaSNL |
| 005 |
20260426012024.0 |
| 008 |
171030s2008 au n 000 0 ger |
| 015 |
|
|
|a SNBZSA2010-00358
|
| 020 |
|
|
|a 3854579640 (brož.)
|
| 035 |
|
|
|a 6E2DA076-64D7-475F-974D-0A5862F98F74
|
| 035 |
|
|
|a urn:nbn:sk:snk-amlsq5
|
| 035 |
|
|
|a urn:nbn:sk:snk-am00ca3o
|
| 040 |
|
|
|a SNK
|b slo
|c SNK
|e AACR2
|
| 041 |
0 |
|
|a ger
|
| 044 |
|
|
|a au
|c AT
|
| 072 |
|
7 |
|a 621.039
|x Jadrová technika
|2 konspekt
|
| 072 |
|
7 |
|a 502
|x Životné prostredie a jeho ochrana
|2 konspekt
|
| 080 |
|
|
|a 621.039:504
|2 2001
|
| 080 |
|
|
|a 502.175
|2 2001
|
| 245 |
0 |
0 |
|a Entsorgungsstrategie Slowakische Republik
|b Bericht zur bilateralen Konsultation vom 14.5.2008 in Bratislava
|c Antonia Wenisch ... [et al.]
|
| 246 |
3 |
0 |
|a Bericht zur bilateralen Konsultation vom 14.5.2008 in Bratislava
|
| 260 |
|
|
|a Wien
|b Umweltbundesamt
|c 2008
|
| 300 |
|
|
|a 20 s.
|c 30 cm
|
| 490 |
1 |
|
|a Report / Umweltbundesamt
|v [N.F.], 166
|
| 504 |
|
|
|a Bibliogr. s. 20
|
| 650 |
0 |
7 |
|a rádioaktívny odpad
|2 SNKPH
|9 50832
|
| 650 |
0 |
7 |
|a ochrana životného prostredia
|2 SNKPH
|9 3352
|
| 651 |
|
7 |
|a Slovensko
|2 SNKPHgeo
|9 14231
|
| 700 |
1 |
|
|a Wenisch, Antonia
|4 aut
|9 594899
|
| 700 |
1 |
|
|a Becker, Oda
|4 aut
|9 594901
|
| 700 |
1 |
|
|a Mraz, Gabriele
|4 aut
|9 594900
|
| 700 |
1 |
|
|a Neumann, Wolfgang
|4 aut
|9 409287
|
| 810 |
2 |
|
|a Umweltbundesamt (Viedeň, Rakúsko)
|t Report
|9 476253
|
| 919 |
|
|
|a 3-85457-964-0
|
| 958 |
|
|
|a OND
|
| 958 |
|
|
|a ZS
|
| 958 |
|
|
|a AT
|
| 958 |
|
|
|a NB
|
| 999 |
|
|
|c 1086721
|d 1088651
|
| 952 |
|
|
|a SNK
|b SNK
|y PREZ
|7 0
|p 17A0610221
|o snkSB 77257
|i snk2009/1738
|8 2
|g 7.30
|0 0
|1 0
|4 0
|d 2008-12-05
|f 1
|l 0
|r 2025-04-28 00:00:00
|w 2026-02-24
|